Συνεπή μέτρα κινδύνου : μεταπτυχιακή διατριβή
Πλήρης ανάλυση των ζητημάτων της εργασίας με τίτλο "Συνεπή Μέτρα Κινδύνου",δημοσιευμένης το 1999.
Αποθηκεύτηκε σε:
| Κύριος συγγραφέας: | |
|---|---|
| Συγγραφή απο Οργανισμό/Αρχή: | |
| Μορφή: | Thesis Βιβλίο |
| Γλώσσα: | Greek |
| Δημοσίευση: |
2009.
|
| Θέματα: | |
| Διαθέσιμο Online: | http://hdl.handle.net/11610/15525 |
| Ετικέτες: |
Προσθήκη ετικέτας
Δεν υπάρχουν, Καταχωρήστε ετικέτα πρώτοι!
|
MARC
| LEADER | 00000cam a2200000 i 4500 | ||
|---|---|---|---|
| 001 | 1/2041 | ||
| 008 | 091015s2009 gr | ||| |||| ||gre|| | ||
| 035 | |l 10105831 | ||
| 040 | |a GR-MyUA |b gre |e AACR2 | ||
| 041 | 0 | |a gre | |
| 082 | 0 | |a 658.155 |2 (22) | |
| 100 | 1 | |a Χριστοδουλόπουλος, Σταύρος. | |
| 245 | 1 | 0 | |a Συνεπή μέτρα κινδύνου : |b μεταπτυχιακή διατριβή / |c Σταύρος Χριστοδουλόπουλος ; επιβλέπων καθηγητής, Ιωάννης Τσιμήκας. |
| 260 | |c 2009. | ||
| 300 | |a 39 σ. : |b σχέδια ; |c 30 εκ. | ||
| 500 | |a Μέλη της εξεταστικής επιτροπής: Τσιμήκας Ιωάννης, Ξανθόπουλος Στυλιανός, Κωνσταντινίδης Δημήτριος. | ||
| 502 | |a Διατριβή (μεταπτυχιακή) – Πανεπιστήμιο Αιγαίου, Σάμος, 2009. | ||
| 504 | |a Βιβλιογραφία: σ. 39. | ||
| 506 | 0 | |a Διάθεση πλήρους κειμένου - Ελεύθερη πρόσβαση. | |
| 520 | |a Πλήρης ανάλυση των ζητημάτων της εργασίας με τίτλο "Συνεπή Μέτρα Κινδύνου",δημοσιευμένης το 1999. | ||
| 610 | 2 | 0 | |a University of the Aegean |x Dissertations. |
| 650 | 0 | 0 | |a Risk management. |
| 650 | 0 | 0 | |a Risk assessment. |
| 650 | 0 | 0 | |a Dissertations, Academic |z Greece. |
| 700 | 1 | |a Τσιμήκας, Ιωάννης, |e dgs | |
| 710 | 2 | |a Πανεπιστήμιο Αιγαίου. |b Σχολή Θετικών Επιστημών. |b Τμήμα Στατιστικής και Αναλογιστικών-Χρηματοοικονομικών Μαθηματικών. |b Μεταπτυχιακό Πρόγραμμα Στατιστική και Αναλογιστικά - Χρηματοοικονομικά Μαθηματικά. | |
| 852 | |a INST |b SAMOS |c DIATR |e 20091015 |h 658.155 ΧΡΙ |p 005300031178 |q 005300031178 |t MTXE |y 23 | ||
| 852 | |a INST |b SAMOS |c DIATR |e 20091015 |h 658.155 ΧΡΙ |p 005300031179 |q 005300031179 |t MTXE |y 23 | ||
| 856 | |u http://hdl.handle.net/11610/15525 | ||
| 901 | |a BIBL3-2009-3 | ||
| 909 | |a Σ |b 158235 | ||
| 909 | |a Σ |b 158236 | ||
| 924 | |a ΧΡΙΣΤΟΔΟΥΛΟΠΟΥΛΟΣ |b ΣΤΑΥΡΟΣ |y Σάμος |z 2009-15 | ||
| 970 | |a ΚΟΣΙΕΡΗΣ |b ΧΡΗΣΤΟΣ |z 2009/10/15 | ||